000
00306nam a2200121Ia 4500
008
220216s9999 xx 000 0 und d
100
_a
James R G
245
0
_a
Latex thread and its industrial applications
260
_b
IRI Transactions
_c
1949
300
_a
220-226
650
_a
Latex thread
942
_c
JS
999
_c
62092
_d
62092